LA DEMOCRATIE A REFAIRE

Guardado en:
書目詳細資料
企業作者: Colloque Franceforum ( Saintgermain, Francia)
格式: Procedimiento de la conferencia 圖書
主題:
標簽: 添加標簽
沒有標簽, 成為第一個標記此記錄!

MARC

LEADER 00000nam^a2200000^a^4500
001 000231966
005 20250521000000.0
009 20260310104541.282
035 |a 053273 
037 |a Acervo Xavier Clavigero 
082 |a 321. 8  |b COL 
111 1 |a Colloque Franceforum (  |n 1O :  |d 1962 :  |c Saintgermain, Francia) 
245 1 3 |a LA DEMOCRATIE A REFAIRE 
264 |a París, Francia :  |b Editions Ouvrières,  |c 1963 
300 |a 288p. 
336 |a texto  |b txt  |2 rdacontenido 
337 |a sin mediación  |b n  |2 rdamedio 
338 |a volumen  |b nc  |2 rdasoporte 
649 |a XX 
650 |a Democracia 
650 |a FRANCIA -  |x POLITICA Y GOBIERNO 
910 |a Fondo General 
920 |a Impresos - Libros 
930 |a Colección General 
905 |a 101 
901 |a 053273  |b IT1  |c ACC  |i 053273  |u 20250521 
902 |a https://opac.biblio.iteso.mx/vufind/Record/000231966